Mot mystérieux - Série 34 - Statistiques

Statistiques générales
  • Ce quiz a été pris 100 fois
  • Le résultat moyen est 8 sur 10
Statistiques - réponses
Indices Mot % Correct
Seine - Rhône - Loire - Garonne Fleuve
98%
Indien - Pacifique - Atlantique - Océan
98%
Monnaie - Capucin - Bonobo - Singe
93%
Orge - Canne - Vanillé - Betterave Sucre
90%
Tente - Cirée - Araignée - Fond Toile
83%
Combat - Piétonne - Bagarre Rue
82%
Billet - France - Chèque - Postale Banque
79%
Brouillon - Charges - Doleances - Texte Cahier
76%
Lapin - Escalier - Ascenseur - Oiseau Cage
60%
Rangement - Toilette - Glace - Electrique Armoire
52%
Aucun quiz correspondant
Distribution des résultats
% des personnes avec chaque résultat
Percentile par nombre de réponses
Votre historique - résultats
Vous n’avez pas pris ce quiz